000 01167cad a22002055a 4500
001 E150362
008 100705s2010 xxk f f000 0 eng d
035 _a(Sirsi) u150362
041 0 _aeng
110 2 _aUnited Kingdom
_bDepartment for Business, Innovation and Skills
_95760
245 0 0 _aPenfold
_breview of non-planning consents
_h[electronic resource]
260 _a[S.l.]
_bBIS
_c2010
520 _aFinal report of the Penfold Review, which was set up to look at "non-planning consents", i.e. consents which have to be obtained separately from planning permission in order to complete a development. The Review examined whether the process for obtaining such consents causes delays or discourages business investment, and discusses where the process might be streamlined and current working practices improved.
590 _aKA NTK
650 2 4 _aPENFOLD REVIEW
651 4 _aEngland
_y886-
690 _aENVIRONMENT AND LAND CONSULTANCY-PLANNING AND DEVELOPMENT
856 4 0 _uhttps://www.berr.gov.uk/assets/biscore/better-regulation/docs/p/10-1027-penfold-review-final-report.pdf
_zView the report free of charge (PDF file) at www.berr.gov.uk
942 _n0
999 _c110845
_d110845